000 00609nam a2200205Ia 4500
001 1486
003 GE_BSU
008 181216s||||||||xx |||||||||||||| ||und||
020 _a5520003513
040 _cGE_BSU
080 _a635.9
245 _aДеревья и кустарники и батумского ботанического сада
260 _aТбилиси
260 _bМецниереба
260 _c1989
300 _a164стр. 20см.
541 _h6л.
653 _aДеревья и кустарник и батумского ботанического сада
942 _cBK
999 _c35620
_d35620